Pick The Winners - NFL Week 13 - Statistics

General Stats
  • This quiz has been taken 24 times
  • The average score is 11 of 15
Answer Stats
Question Answer % Correct
Dallas Cowboys vs. Baltimore Ravens Baltimore Ravens
91%
Denver Broncos vs. Kansas City Chiefs Kansas City Chiefs
91%
Jacksonville Jaguars vs. Minnesota Vikings Minnesota Vikings
91%
New Orleans Saints vs. Atlanta Falcons New Orleans Saints
87%
Philadelphia Eagles vs. Green Bay Packers Green Bay Packers
83%
Las Vegas Raiders vs. New York Jets Las Vegas Raiders
78%
Cincinnati Bengals vs. Miami Dolphins Miami Dolphins
78%
Buffalo Bills vs. San Francisco 49ers Buffalo Bills
74%
Los Angeles Rams vs. Arizona Cardinals Los Angeles Rams
74%
Cleveland Browns vs. Tennessee Titans Cleveland Browns
70%
New England Patriots vs. Los Angeles Chargers New England Patriots
70%
Indianapolis Colts vs. Houston Texans Indianapolis Colts
65%
Detroit Lions vs. Chicago Bears Detroit Lions
52%
New York Giants vs. Seattle Seahawks New York Giants
43%
Washington Football Team vs. Pittsburgh Steelers Washington Football Team
43%
No matching quizzes found
Score Distribution
Percent of People with Each Score
Percentile by Number Answered
Your Score History
You have not taken this quiz